| 000 -LEADER |
| fixed length control field |
04584cam a2200373 i 4500 |
| 001 - CONTROL NUMBER |
| control field |
17780601 |
| 003 - CONTROL NUMBER IDENTIFIER |
| control field |
Nust- CAS-E |
| 005 - DATE AND TIME OF LATEST TRANSACTION |
| control field |
20180118181411.0 |
| 008 - FIXED-LENGTH DATA ELEMENTS--GENERAL INFORMATION |
| fixed length control field |
130617s2014 njua b 001 0 eng |
| 010 ## - LIBRARY OF CONGRESS CONTROL NUMBER |
| LC control number |
2013020446 |
| 020 ## - INTERNATIONAL STANDARD BOOK NUMBER |
| International Standard Book Number |
9781118389980 (hardback) |
| 040 ## - CATALOGING SOURCE |
| Original cataloging agency |
DLC |
| Language of cataloging |
eng |
| Transcribing agency |
DLC |
| Description conventions |
rda |
| Modifying agency |
DLC |
| 042 ## - AUTHENTICATION CODE |
| Authentication code |
pcc |
| 050 00 - LIBRARY OF CONGRESS CALL NUMBER |
| Classification number |
TD758 |
| Item number |
.J47 2014 |
| 082 00 - DEWEY DECIMAL CLASSIFICATION NUMBER |
| Classification number |
628.165 |
| Edition number |
23 |
| Author Mark |
JEN-A 2014 |
| 084 ## - OTHER CLASSIFICATION NUMBER |
| Classification number |
TEC010000 |
| Number source |
bisacsh |
| 100 1# - MAIN ENTRY--PERSONAL NAME |
| Personal name |
Jenkins, Thomas E., |
| Dates associated with a name |
1950- |
| 245 10 - TITLE STATEMENT |
| Title |
Aeration control system design : |
| Remainder of title |
a practical guide to energy and process optimization / |
| Statement of responsibility, etc. |
Thomas E. Jenkins, PE, JenTech Inc. |
| 250 ## - EDITION STATEMENT |
| Edition statement |
First edition. |
| 300 ## - PHYSICAL DESCRIPTION |
| Extent |
xxii, 491 pages : |
| Other physical details |
illustrations ; |
| Dimensions |
24 cm |
| 502 ## - DISSERTATION NOTE |
| Dissertation note |
0 |
| 504 ## - BIBLIOGRAPHY, ETC. NOTE |
| Bibliography, etc. note |
Includes bibliographical references (pages 485-486) index. |
| 505 8# - FORMATTED CONTENTS NOTE |
| Formatted contents note |
Machine generated contents note: Foreword Acknowledgements List of Figures Chapter 1: Introduction 1.1 Basic Concepts and Objectives 1.2 Safety 1.3 The Importance of an Integrated Approach 1.4 Importance of Operator Involvement 1.5 The Benefits of Successful Aeration Process Automation Chapter 2: Initial System Assessment 2.1 Define Current Operations 2.2 Evaluate Process and Equipment 2.3 Benchmark Performance 2.4 Estimate Potential Energy Savings and Performance Improvement 2.5 Prepare Report Chapter 3: Aeration Processes 3.1 Process Fundamentals 3.2 Loading Variations and Their Implications 3.3 Process Limitations and Their Impact on Control Systems Chapter 4: Mechanical and Diffused Aeration Systems 4.1 Oxygen Transfer Basics 4.2 Types of Aerators 4.3 Savings Determinations Chapter 5: Blowers and Blower Control 5.1 Common Application and Selection Concern s 5.2 Positive Displacement Blowers and Control Characteristics 5.3 Dynamic Blowers Chapter 6: Piping Systems 6.1 Design Considerations 6.2 Pressure Drop 6.3 Control Valve Selection Chapter 7: Instrumentation 7.1 Common Characteristics and Electrical Design Considerations 7.2 Pressure 7.3 Temperature 7.4 Flow 7.5 Analytic Instruments 7.6 Motor Monitoring and Electrical Measurement s 7.7 Miscellaneous Chapter 8: Final Control Elements 8.1 Valve Operators 8.2 Guide Vanes 8.3 Motor Basics 8.4 Motor Control 8.5 Variable Frequency Drives Chapter 9: Control Loops and Algorithms 9.1 Control Fundamentals 9.2 Dissolved Oxygen Control 9.3 Aeration Basin Air Flow Contro l 9.4 Pressure Control 9.5 Most-Open-Valve Control 9.6 Blower Control and Coordination 9.7 Control Loop Timing Considerations 9.8 Miscellaneous Controls Chapter 10: Control Components 10.1 Programmable Logic Controllers 10.2 Distributed Control Systems 10.3 Human Machine Interfaces 10.4 Control Panel Design Considerations Chapter 11: Documentation 11.1 Specification Considerations 11.2 Data Lists 11.3 Process and Instrumentation Diagrams 11.4 Ladder and Loop Diagrams 11.5 One-Line Diagrams 11.6 Installation Drawings 11.7 Loop Descriptions 11.8 Operation and Maintenance Manuals Chapter 12: Commissioning 12.1 Inspection 12.2 Testing 12.3 Tuning 12.4 Training 12.5 Measurement and Verification of Results Chapter 13: Summary 13.1 Review of Integrated Design Procedure 13.2 Potential Problem Areas 13.3 Benefit s Appendix A: Example Problem Solutions Appendix B: List of Equations and Variables Bibliography . |
| 520 ## - SUMMARY, ETC. |
| Summary, etc. |
"Proper engineering and execution of aeration control systems is of prime importance to treatment plants, representing a significant savings in labor and energy costs. Taking an integrated, cross-disciplinary approach to this critical process, Aeration Control System Design comprehensively addresses the concept and system design of aeration activated wastewater treatment. Covering complete treatment of aeration system controls, processes, and instrumentation, this hands-on text provides civil and environmental engineers, mechanical engineers, and electrical/instrumentation engineers with theoretical and mathematical treatment of case histories, complete with design procedures and analysis methodology"-- |
| 650 #0 - SUBJECT ADDED ENTRY--TOPICAL TERM |
| Topical term or geographic name entry element |
Sewage |
| General subdivision |
Purification |
| -- |
Aeration. |
| 650 #0 - SUBJECT ADDED ENTRY--TOPICAL TERM |
| Topical term or geographic name entry element |
Water |
| General subdivision |
Aeration. |
| 650 #0 - SUBJECT ADDED ENTRY--TOPICAL TERM |
| Topical term or geographic name entry element |
Supervisory control systems. |
| 650 #0 - SUBJECT ADDED ENTRY--TOPICAL TERM |
| Topical term or geographic name entry element |
Sewage disposal plants |
| General subdivision |
Energy conservation. |
| 650 #7 - SUBJECT ADDED ENTRY--TOPICAL TERM |
| Topical term or geographic name entry element |
TECHNOLOGY & ENGINEERING / Environmental / General. |
| Source of heading or term |
bisacsh |
| 776 08 - ADDITIONAL PHYSICAL FORM ENTRY |
| Relationship information |
Online version: |
| Main entry heading |
Jenkins, Thomas E., 1950- |
| Title |
Aeration control system design |
| Edition |
First edition. |
| Place, publisher, and date of publication |
Hoboken, New Jersey : John Wiley and Sons, Inc., 2013 |
| International Standard Book Number |
9781118777633 |
| Record control number |
(DLC) 2013025346 |
| 906 ## - LOCAL DATA ELEMENT F, LDF (RLIN) |
| a |
7 |
| b |
cbc |
| c |
orignew |
| d |
1 |
| e |
ecip |
| f |
20 |
| g |
y-gencatlg |
| 942 ## - ADDED ENTRY ELEMENTS (KOHA) |
| Source of classification or shelving scheme |
|
| Koha item type |
Book |